Bangladesh customs tariff 2004-2005.
| Format: | Book |
|---|---|
| Published: |
[S.l]:
[s.n],
2005.
|
| Subjects: |
| LEADER | 00362cam a2200133 7i4500 | ||
|---|---|---|---|
| 001 | 0000015288 | ||
| 005 | 20050415090000.0 | ||
| 090 | 0 | 0 | |a T 382.7 |b BAN (BANG) |
| 245 | 0 | 0 | |a Bangladesh customs tariff 2004-2005. |
| 260 | 0 | 0 | |a [S.l]: |b [s.n], |c 2005. |
| 650 | 0 | 0 | |a Tariff -- |z Bangladesh |
| 651 | 0 | 0 | |a Bangladesh |
| 999 | |a 0000016968 |b Book |c Tariffs |e Business Information Centre | ||